000 00436nam a2200169 a 4500
001 0000-9013
003 ELIB.Books
008 110520 1957
035 _a(ELIB.Books)0000-9162
082 _a248
_bApp
100 _aApplegarth, Margaret T.
245 _aTwelve Baskets Full
260 _bNew York; Harper & Row, Publishers
_c1957
650 _aChristian Life
942 _2ddc
_cBK
998 _cbat
_e2011-05-20
999 _c9013
_d9013